Catálogo público

Enhancing extraction processes in the food industry / (Record no. 218594)

MARC details
000 -CABECERA
campo de control de longitud fija 05027nam a2200397 a 4500
003 - IDENTIFICADOR DEL NÚMERO DE CONTROL
campo de control CHAP
005 - FECHA Y HORA DE LA ÚLTIMA TRANSACCIÓN
campo de control 20230418124423.0
007 - CAMPO FIJO DE DESCRIPCIÓN FÍSICA--INFORMACIÓN GENERAL
campo de control de longitud fija ta
008 - DATOS DE LONGITUD FIJA--INFORMACIÓN GENERAL
campo de control de longitud fija 230411s2012 -usado|fr|||| 001 0 eng d
020 ## - NÚMERO INTERNACIONAL ESTÁNDAR DEL LIBRO
Número Internacional Estándar del Libro 978-1-4398-4593-6
040 ## - FUENTE DE LA CATALOGACIÓN
Centro catalogador/agencia de origen mxchpua
Centro/agencia transcriptor CHAP
Normas de descripción rda
050 10 - SIGNATURA TOPOGRÁFICA DE LA BIBLIOTECA DEL CONGRESO
Número de clasificación TP156.E8
Número de documento/Ítem .E54 2012
082 00 - NÚMERO DE LA CLASIFICACIÓN DECIMAL DEWEY
Número de clasificación 664
Número de documento/Ítem E54 2012
Número de edición 20
245 10 - MENCIÓN DE TÍTULO
Título Enhancing extraction processes in the food industry /
Mención de responsabilidad, etc. editores Nikolai Lebovka, Eugene Vorobiev y Farid Chemat
250 ## - MENCIÓN DE EDICIÓN
Mención de edición 1a edición
264 ## - PRODUCCIÓN, PUBLICACIÓN, DISTRIBUCIÓN, FABRICACIÓN Y COPYRIGHT
Producción, publicación, distribución, fabricación y copyright Boca Raton, Florida :
Nombre del de productor, editor, distribuidor, fabricante CRC Press,
Fecha de producción, publicación, distribución, fabricación o copyright 2012
300 ## - DESCRIPCIÓN FÍSICA
Extensión xxxviii, 532 páginas :
Otras características físicas ilustraciones, gráficas, tablas, diagramas, fotos
336 ## - TIPO DE CONTENIDO
Fuente rdacontent
Término de tipo de contenido texto
Código de tipo de contenido txt
337 ## - TIPO DE MEDIO
Fuente rdamedia
Nombre/término del tipo de medio sin medio
Código del tipo de medio n
338 ## - TIPO DE SOPORTE
Fuente rdacarrier
Nombre/término del tipo de soporte volumen
Código del tipo de soporte nc
490 1# - MENCIÓN DE SERIE
Mención de serie Contemporary Food Engineering Series / edición Da-Wen Sun
504 ## - NOTA DE BIBLIOGRAFÍA, ETC.
Nota de bibliografía, etc. Incluye bibliografías
505 ## - NOTA DE CONTENIDO CON FORMATO
Nota de contenido con formato Introduction to Extraction in Food Processing; P. J. Lloyd and J. van Wyk --<br/>Pulse Electric Field-Assisted Extraction; E. I. Vorobiev and N. I. Lebovka --<br/>Microwave-Assisted Extraction; M. D. Luque de Castro and F. Priego-Capote --<br/>Ultrasonically Assisted Diffusion Processes; Z. J. Dolatowski and D. M. Stasiak --<br/>Pulsed Electrical Discharges: Principles and Application to Extraction of Biocompounds; N. Boussetta, T. Reess, E. I. Vorobiev, and J.- L. Lanoisellé --<br/>Combined Extraction Techniques; F. Chemat and G. Cravotto --<br/>Supercritical Fluid Extraction in Food Processing; R. K. Singh and R. Y. Avula --<br/>Pressurized Hot Water Extraction and Processing; C. Turner and E. Ibañez --<br/>Instant Controlled Pressure Drop Technology in Plant Extraction Processes; K. S. Allaf, C. Besombes, B. Berka, M. Kristiawan, V. Sobolik, and T. S. V. Allaf --<br/>High Pressure–Assisted Extraction: Method, Technique, and Application; K. Murthy N. Prasad, A. Ismail, J. Shi, and Y. M. Jiang --<br/>Extrusion-Assisted Extraction: Alginate Extraction from Macroalgae by Extrusion Process; P. Vauchel, A. Arhaliass, J. Legrand, R. Baron, and R. Kaas --<br/>Gas-Assisted Mechanical Expression of Oilseeds; P. Willems and A. B. de Haan --<br/>Mechanochemically Assisted Extraction; O. I. Lomovsky and I. O. Lomovsky --<br/>Reverse Micellar Extraction of Bioactive Compounds for Food Products; A. B. Hemavathi, H. U. Hebbar, and K. S. M. S. Raghavarao --<br/>Aqueous Two-Phase Extraction of Enzymes for Food Processing; M. C. Madhusudhan, M. C. Lakshmi, and K. S. M. S. Raghavarao --<br/>Enzyme-Assisted Aqueous Extraction of Oilseeds; S. Jung, J. M. L. Nobrega de Moura, K. Campbell, and L. A. Johnson --<br/>Index
520 1# - SUMARIO, ETC.
Sumario, etc. Extraction is an important operation in food engineering, enabling the recovery of valuable soluble components from raw materials. With increasing energy costs and environmental concerns, industry specialists are looking for improved techniques requiring less solvents and energy consumption. Enhancing Extraction Processes in the Food Industry is a comprehensive resource providing clear descriptions of the latest extraction methods and instruments used in food laboratories.<br/><br/>The book begins with an overview of solvent extraction technology. It examines pulsed electric fields and their effect on food engineering, and the potential and limitations of microwave-assisted extraction. It explores diffusion processes and reviews what is known about electrical discharge processes in the extraction of biocompounds.<br/><br/>Next, the book summarizes current knowledge on conventional and innovative techniques for the intensification of extractions from food and natural products, focusing on environmental impacts. It reviews recent developments in supercritical CO2 extraction of food and food products, describes the pressurized hot water extraction (PHWE) process, and examines future trends for PHWE. The book also examines essential oil extraction, and the tools and techniques of high pressure-assisted extraction. The authors demonstrate its application using litchi and longan fruits as examples.<br/><br/>The final chapters focus on extrusion-assisted extraction, gas-assisted mechanical expression, mechanochemically assisted extraction, reverse micellar extraction, and aqueous two-phase extraction. The book concludes with a chapter on the treatment of soybeans through enzyme-assisted aqueous processing, examining the economics involved as well as the development of the process.<br/><br/>A solid review of modern approaches that enhance extraction processes, this volume is destined to pave the way for future research and development in the field.
650 17 - PUNTO DE ACCESO ADICIONAL DE MATERIA--TÉRMINO DE MATERIA
9 (RLIN) 39212
Término de materia o nombre geográfico como elemento de entrada Extracción (Química)
650 17 - PUNTO DE ACCESO ADICIONAL DE MATERIA--TÉRMINO DE MATERIA
9 (RLIN) 39214
Término de materia o nombre geográfico como elemento de entrada Extractos vegetales
650 13 - PUNTO DE ACCESO ADICIONAL DE MATERIA--TÉRMINO DE MATERIA
9 (RLIN) 148659
Término de materia o nombre geográfico como elemento de entrada Industria de los alimentos
650 13 - PUNTO DE ACCESO ADICIONAL DE MATERIA--TÉRMINO DE MATERIA
9 (RLIN) 163462
Término de materia o nombre geográfico como elemento de entrada Extraction
650 13 - PUNTO DE ACCESO ADICIONAL DE MATERIA--TÉRMINO DE MATERIA
9 (RLIN) 185240
Término de materia o nombre geográfico como elemento de entrada Plant extracts
650 13 - PUNTO DE ACCESO ADICIONAL DE MATERIA--TÉRMINO DE MATERIA
9 (RLIN) 148657
Término de materia o nombre geográfico como elemento de entrada Food industry
700 1# - PUNTO DE ACCESO ADICIONAL--NOMBRE DE PERSONA
9 (RLIN) 186646
Nombre de persona Lebovka, N. I. (Nikolaĭ Ivanovich)
Término indicativo de función/relación editor
700 1# - PUNTO DE ACCESO ADICIONAL--NOMBRE DE PERSONA
9 (RLIN) 186647
Nombre de persona Vorobiev, Eugène
Término indicativo de función/relación editor
700 1# - PUNTO DE ACCESO ADICIONAL--NOMBRE DE PERSONA
9 (RLIN) 186648
Nombre de persona Chémat, Farid
Término indicativo de función/relación editor
830 ## - PUNTO DE ACCESO ADICIONAL DE SERIE-TÍTULO UNIFORME
Título uniforme Contemporary Food Engineering Series / edición Da-Wen Sun (CRC)
9 (RLIN) 159943
942 ## - ELEMENTOS DE PUNTO DE ACCESO ADICIONAL (KOHA)
Fuente del sistema de clasificación o colocación Dewey Decimal Classification
Tipo de ítem Koha
Holdings
Estado de retiro Estado de pérdida Fuente del sistema de clasificación o colocación Estado dañado Restricciones de uso No para préstamo Código de colección Localización permanente Ubicación/localización actual Fecha de adquisición Fuente de adquisición Número de inventario Total de préstamos Signatura topográfica completa Código de barras Fecha visto por última vez Número de copia Precio válido a partir de Tipo de ítem Koha
    Dewey Decimal Classification   Préstamo interno   General Ingenieria Agroindustrial Ingenieria Agroindustrial 09/12/2021 Compra Librería UACh F. 39633 C/e   664 E54 2012 1102014615 11/04/2023 Ej. 1 11/04/2023 Libro
    Dewey Decimal Classification   Préstamo 5 días   General Ingenieria Agroindustrial Ingenieria Agroindustrial 09/12/2021 Compra Librería UACh F. 39633 C/e   664 E54 2012 1102014616 11/04/2023 Ej. 2 11/04/2023 Libro